000 00680nam a2200229Ia 4500
003 OSt
005 20220923222226.0
006 a|||||r|||| 00| 0
007 ta
008 220922b |||||||| |||| 00| 0 hin d
024 _a203,857
037 _cTextual
040 _aARTS
_cARTS
_bhin
041 _2hin
_ahin
082 _aO153:1I69w, 152K8
100 _aहांडा, सीता
245 0 _aगुरु नानक व्यक्तित्व और विचार
246 _aGuru nānak vyaktitva aur vichāra
260 _c1968
942 _hO153:1I69w, 152K8
_cTEXL
_2CC
999 _c354607
_d354607